MARC

Tag First Indicator Second Indicator Subfields
LEADER 00000cam a2200000 a 4500
001 in00002526321
005 20151111080637.0
008 090528s2009 caua bc 000 0 eng c
020 |a 0892369965 
020 |a 9780892369966 
035 |a (OCoLC)ocn359240343 
035 |a (OCoLC)359240343 
040 |a YDXCP  |c YDXCP  |d BTCTA  |d JPG  |d BWX  |d TEF  |d TXA  |d UtOrBLW 
042 |a pcc 
043 |a n-us-ca 
049 |a TXAM 
050 4 |a TR647  |b .P46 2009 
050 4 |a TR656.5  |b .P46 2009 
082 0 |a 779 
084 |a NH32.P412  |b H44 2009  |2 nhcp 
100 1 |a Penn, Irving. 
245 1 0 |a Irving Penn :  |b small trades /  |c Virginia A. Heckert and Anne Lacoste. 
246 3 0 |a Small trades 
264 1 |a Los Angeles :  |b J. Paul Getty Museum,  |c [2009] 
264 4 |c ©2009 
300 |a 269 pages :  |b illustrations ;  |c 32 cm. 
336 |a text  |b txt  |2 rdacontent 
337 |a unmediated  |b n  |2 rdamedia 
338 |a volume  |b nc  |2 rdacarrier 
500 |a "This book is published in conjunction with the exhibition 'Irving Penn: Small Trades', held at the J. Paul Getty Museum. from September 9, 2009, to January 10, 2010."--Colophon. 
504 |a Includes bibliographical references. 
600 1 0 |a Penn, Irving  |v Exhibitions. 
650 0 |a Photography, Artistic  |v Exhibitions. 
650 0 |a Blue collar workers  |x Portraits  |v Exhibitions. 
610 2 0 |a J. Paul Getty Museum  |v Exhibitions. 
650 0 |a Photograph collections  |z California  |z Los Angeles  |v Exhibitions. 
650 0 |a Photography, Artistic  |v Catalogs. 
650 0 |a Photograph collections  |z California  |z Los Angeles  |v Catalogs. 
700 1 |a Heckert, Virginia. 
700 1 |a Lacoste, Anne. 
710 2 |a J. Paul Getty Museum. 
938 |a YBP Library Services  |b YANK  |n 3038629 
938 |a Baker and Taylor  |b BTCP  |n BK0008396250 
945 |a PromptCat  |b 815238 
946 |a stk 
947 |a A14839955530 
994 |a C0  |b TXA 
948 |a cataloged  |b h  |c 2009/10/23  |d c  |e nbehmer  |f 3:54:44 pm 
999 |a MARS 
999 f f |s 16ae2e60-a7f5-3439-a33d-f6d2098babc3  |i 69e7bd32-69a2-3db3-8271-68ddc167a991  |t 0 
952 f f |p ric  |a Texas A&M University  |b Rellis Campus  |c Joint Library Facility  |d Remote Storage  |t 0  |e TR647 .P46 2009  |f Oversize  |h Library of Congress classification  |i unmediated -- volume  |m A14839955530 
998 f f |a TR647 .P46 2009  |t 0  |l Remote Storage